[Event "V Torneo Inverno Vomero"]
[Site "Napoli ITA"]
[Date "2010.01.14"]
[Round "1"]
[White "Solombrino, Giovanni"]
[Black "Zinnai, Graziano Matteo"]
[Result "0-1"]
[WhiteElo "1889"]
[BlackElo "1620"]
[PlyCount "72"]
[EventDate "2010.01.14"]

1. e4 c6 2. d4 d5 3. Nc3 dxe4 4. Nxe4 Bf5 5. Ng3 Bg6 6. Nf3 Nd7 7. Bd3 Bxd3 8.
Qxd3 Ngf6 9. O-O e6 10. Re1 Be7 11. c3 O-O 12. Bd2 c5 13. Rad1 cxd4 14. Nxd4
Qb6 15. Nb3 Nc5 16. Qc2 Nxb3 17. Qxb3 Qxb3 18. axb3 Rfd8 19. Nf5 Bc5 20. Be3
Bxe3 21. Nxe3 b5 22. c4 b4 23. Nc2 a5 24. Nd4 Rd6 25. Nb5 Rxd1 26. Rxd1 Kf8 27.
Kf1 Ke7 28. Ke2 Ne4 29. Nd4 Nc5 30. f4 Ra6 31. Ra1 f6 32. Rxa5 Rxa5 33. Nc6+
Kd6 34. Nxa5 Kc7 35. Ke3 e5 36. fxe5 fxe5 0-1

[Event "V Torneo Inverno Vomero"]
[Site "Napoli ITA"]
[Date "2010.01.14"]
[Round "1"]
[White "Vannini, Aldo"]
[Black "Ficco, Corrado"]
[Result "0-1"]
[WhiteElo "1818"]
[BlackElo "2174"]
[PlyCount "60"]
[EventDate "2010.01.14"]

1. d4 f5 2. Nf3 Nf6 3. Bg5 Ne4 4. Bf4 d6 5. e3 c6 6. Bc4 Qb6 7. Bb3 g6 8. Nbd2
Nxd2 9. Qxd2 Bg7 10. c3 Qc7 11. O-O e6 12. Rfe1 O-O 13. e4 Kh8 14. exf5 exf5
15. Ng5 Na6 16. Be6 h6 17. Bxc8 hxg5 18. Bxb7 Qxb7 19. Bxd6 Rfe8 20. Ba3 g4 21.
Qg5 Qf7 22. Red1 Rad8 23. h3 gxh3 24. Rd3 h2+ 25. Kxh2 Bf6 26. Rh3+ Kg8 27. Qd2
Re4 28. g3 Rde8 29. Qd3 Nc7 30. Kg2 Qd5 0-1

[Event "V Torneo Inverno Vomero"]
[Site "Napoli ITA"]
[Date "2010.01.21"]
[Round "2"]
[White "Caiazzo, Diego"]
[Black "Pinto, Gaetano"]
[Result "0-1"]
[WhiteElo "1862"]
[BlackElo "2046"]
[PlyCount "80"]
[EventDate "2010.01.14"]

1. d4 d6 2. Nf3 Nf6 3. Nbd2 Nbd7 4. e4 c6 5. c3 Qc7 6. Bc4 e5 7. dxe5 Nxe5 8.
Nxe5 dxe5 9. O-O b5 10. Bb3 Be7 11. Qe2 O-O 12. Nf3 Bg4 13. Bg5 h6 14. Bh4 Nh5
15. Bxe7 Qxe7 16. Qe3 Qf6 17. Nd2 Nf4 18. f3 Bh3 19. Rf2 Qg5 20. g3 Be6 21.
Bxe6 Nh3+ 22. Bxh3 Qxe3 23. Nf1 Qc5 24. Kg2 Rfe8 25. Rd1 Rad8 26. Rfd2 Rxd2+
27. Rxd2 Qb6 28. Re2 Qc7 29. Ne3 g6 30. Ng4 Kg7 31. Kf2 Rd8 32. Ke1 h5 33. Ne3
Qa5 34. a3 Qb6 35. Bf1 Qc7 36. Bh3 Qd6 37. Bf1 Kf8 38. Bh3 Qd3 39. Bf1 Qb1+ 40.
Kf2 Qc1 0-1

[Event "V Torneo Inverno Vomero"]
[Site "Napoli ITA"]
[Date "2010.01.21"]
[Round "2"]
[White "Capaldo, Salvatore"]
[Black "Lerro, Luca"]
[Result "1-0"]
[WhiteElo "1719"]
[BlackElo "1479"]
[PlyCount "55"]
[EventDate "2010.01.14"]

1. e4 e5 2. Nf3 Nc6 3. Bc4 Bc5 4. c3 Nf6 5. d3 O-O 6. Bg5 Be7 7. O-O Na5 8.
Nbd2 Nxc4 9. Nxc4 d6 10. Re1 b5 11. Na5 Ba6 12. Nc6 Qd7 13. Nxe7+ Qxe7 14. d4
c6 15. b4 Qe6 16. d5 cxd5 17. Bxf6 dxe4 18. Bxg7 Kxg7 19. Rxe4 Bb7 20. Ng5 Qd5
21. Qh5 f5 22. Rd1 Qc6 23. Qxh7+ Kf6 24. Qh6+ Ke7 25. Qe6+ Kd8 26. Rxd6+ Qxd6
27. Qxd6+ Ke8 28. Rxe5# 1-0

[Event "V Torneo Inverno Vomero"]
[Site "Napoli ITA"]
[Date "2010.01.21"]
[Round "2"]
[White "Colli, Roberto"]
[Black "De Meo, Guido"]
[Result "0-1"]
[WhiteElo "1461"]
[BlackElo "1860"]
[PlyCount "26"]
[EventDate "2010.01.14"]

1. d4 d5 2. c4 c6 3. Qc2 Nf6 4. Nf3 g6 5. e3 Bg7 6. Nc3 O-O 7. cxd5 cxd5 8. Be2
Nc6 9. O-O Bf5 10. Qb3 Rb8 11. Rd1 b5 12. Bd2 b4 13. Na4 Na5 0-1

[Event "V Torneo Inverno Vomero"]
[Site "Napoli ITA"]
[Date "2010.01.21"]
[Round "2"]
[White "De Rosa, Francesco"]
[Black "Della Corte, Alessandro"]
[Result "0-1"]
[WhiteElo "1979"]
[BlackElo "2229"]
[PlyCount "96"]
[EventDate "2010.01.14"]

1. e4 c5 2. Nf3 d6 3. d4 cxd4 4. Nxd4 Nf6 5. Nc3 a6 6. Bg5 e6 7. f4 Be7 8. Qf3
Qc7 9. O-O-O Nbd7 10. g4 b5 11. Bxf6 Bxf6 12. g5 Bxd4 13. Rxd4 Bb7 14. Rd2 Nc5
15. a3 O-O 16. Bd3 f5 17. gxf6 Rxf6 18. Rf1 Raf8 19. Qg4 Qf7 20. b4 Rg6 21. Qh4
Rh6 22. Qg3 Qf6 23. e5 Nxd3+ 24. Qxd3 dxe5 25. Rdf2 exf4 26. Rxf4 Qg5 27. Qe3
Rxf4 28. Rxf4 Rf6 29. Re4 Qxe3+ 30. Rxe3 Kf7 31. Kd2 Rf2+ 32. Re2 Rxe2+ 33.
Kxe2 Kf6 34. Ke3 e5 35. a4 Bc6 36. axb5 axb5 37. Nd1 Kf5 38. Nf2 h5 39. c3 g5
40. Nd3 g4 41. Nc5 h4 42. Kf2 Bd5 43. Nd3 Bb7 44. Nb2 Bd5 45. Nd1 Kf4 46. Nb2
g3+ 47. hxg3+ hxg3+ 48. Kg1 Ke3 0-1

[Event "V Torneo Inverno Vomero"]
[Site "Napoli ITA"]
[Date "2010.01.21"]
[Round "2"]
[White "De Rosa, Mariagrazia"]
[Black "Sparice, Lorenzo"]
[Result "1-0"]
[WhiteElo "2089"]
[BlackElo "1452"]
[PlyCount "33"]
[EventDate "2010.01.14"]

1. e4 e6 2. d4 d5 3. e5 c5 4. c3 Nc6 5. Nf3 Be7 6. Bd3 cxd4 7. cxd4 Qa5+ 8. Bd2
Nb4 9. O-O Qb6 10. Be2 Nc6 11. Nc3 Nxd4 12. Nxd4 Qxd4 13. Nb5 Qb6 14. Rc1 a6
15. Nc7+ Kf8 16. Nxa8 Qxb2 17. Rxc8+ 1-0

[Event "V Torneo Inverno Vomero"]
[Site "Napoli ITA"]
[Date "2010.01.21"]
[Round "2"]
[White "Di Gennaro, Antonio"]
[Black "Vannini, Aldo"]
[Result "1/2-1/2"]
[WhiteElo "1676"]
[BlackElo "1818"]
[PlyCount "43"]
[EventDate "2010.01.14"]

1. e4 e6 2. d4 d5 3. Nc3 Bb4 4. e5 Ne7 5. a3 Bxc3+ 6. bxc3 c5 7. Qg4 Qa5 8. Bd2
Ng6 9. dxc5 Qxc5 10. Nf3 Nc6 11. Bd3 Bd7 12. h4 O-O-O 13. Qg3 f6 14. Bxg6 hxg6
15. Qxg6 fxe5 16. Qg3 d4 17. O-O e4 18. Nxd4 Nxd4 19. cxd4 Qxd4 20. Be3 Qa4 21.
Rfb1 Bc6 22. Rc1 1/2-1/2

[Event "V Torneo Inverno Vomero"]
[Site "Napoli ITA"]
[Date "2010.01.21"]
[Round "2"]
[White "Di Meo, Antonio"]
[Black "Sciaudone, Francesco"]
[Result "1-0"]
[WhiteElo "1784"]
[BlackElo "1575"]
[PlyCount "65"]
[EventDate "2010.01.14"]

1. b3 e5 2. Bb2 Nc6 3. e3 d5 4. Bb5 Bd6 5. f4 Qe7 6. Nf3 f6 7. fxe5 fxe5 8. c4
dxc4 9. Bxc4 Bg4 10. Be2 Bxf3 11. Bxf3 e4 12. Bh5+ Kd8 13. g3 Ne5 14. Be2 Qf6
15. Nc3 Nd3+ 16. Bxd3 exd3 17. Rf1 Qg6 18. Qf3 c6 19. Qf7 Ne7 20. Qxg6 hxg6 21.
Ne4 Kd7 22. Rf7 Rxh2 23. Nxd6 Kxd6 24. O-O-O Rg2 25. Rdf1 Rxg3 26. Rxg7 Rf8 27.
Ba3+ c5 28. Rxf8 b5 29. Bxc5+ Kxc5 30. Rxe7 a6 31. Rf6 a5 32. Kb2 Rg2 33. Re5+
1-0

[Event "V Torneo Inverno Vomero"]
[Site "Napoli ITA"]
[Date "2010.01.21"]
[Round "2"]
[White "Esposito, Pino"]
[Black "Messina, Enrico"]
[Result "0-1"]
[WhiteElo "1881"]
[BlackElo "2122"]
[PlyCount "48"]
[EventDate "2010.01.14"]

1. d4 c5 2. e3 b6 3. Nf3 Bb7 4. c4 g6 5. Nc3 Bg7 6. Be2 Nf6 7. O-O O-O 8. Qc2
d6 9. b3 Nc6 10. a3 cxd4 11. exd4 e5 12. dxe5 dxe5 13. Bb2 Nd4 14. Nxd4 exd4
15. Rad1 a6 16. Nb1 Ne4 17. Bf3 f5 18. Rfe1 Re8 19. Qc1 Rc8 20. Nd2 Bh6 21.
Bxe4 fxe4 22. Qa1 Qg5 23. f3 exf3 24. Rxe8+ Rxe8 0-1

[Event "V Torneo Inverno Vomero"]
[Site "Napoli ITA"]
[Date "2010.01.21"]
[Round "2"]
[White "Esposito, Rosario"]
[Black "Gallina, Giacomo"]
[Result "0-1"]
[WhiteElo "1847"]
[BlackElo "1705"]
[PlyCount "56"]
[EventDate "2010.01.14"]

1. d4 Nf6 2. c4 c6 3. Nc3 d6 4. e4 Bg4 5. f3 Bh5 6. Be3 Qc7 7. Bd3 Nbd7 8. Nge2
e5 9. d5 Be7 10. Qd2 h6 11. g4 Bg6 12. Ng3 Nh7 13. h4 f6 14. Nf5 Bf8 15. Be2 h5
16. Rd1 c5 17. f4 a6 18. gxh5 Bxf5 19. exf5 O-O-O 20. Rg1 Re8 21. Ne4 exf4 22.
Bxf4 Rxe4 23. Kf1 Ne5 24. Bxe5 fxe5 25. Rg4 Qf7 26. Rg2 Qxf5+ 27. Rf2 Qh3+ 28.
Rg2 Rxh4 0-1

[Event "V Torneo Inverno Vomero"]
[Site "Napoli ITA"]
[Date "2010.01.21"]
[Round "2"]
[White "Ficco, Corrado"]
[Black "Accardo, Francesco"]
[Result "0-1"]
[WhiteElo "2174"]
[BlackElo "1872"]
[PlyCount "40"]
[EventDate "2010.01.14"]

1. f4 d5 2. Nf3 Nf6 3. g3 c5 4. Bg2 h5 5. d3 Nc6 6. O-O h4 7. Nxh4 Rxh4 8. gxh4
Bg4 9. Qe1 Nd4 10. Nc3 Nxc2 11. Qf2 Nxa1 12. Qxc5 e5 13. Qb5+ Bd7 14. Qxb7 Bc5+
15. Kh1 Rb8 16. Qa6 Ng4 17. fxe5 Qxh4 18. Bf4 Nf2+ 19. Rxf2 Qxf2 20. Bg3 Qg1#
0-1

[Event "V Torneo Inverno Vomero"]
[Site "Napoli ITA"]
[Date "2010.01.21"]
[Round "2"]
[White "Guardascione, Federico G."]
[Black "Irtuso, Emanuele"]
[Result "1/2-1/2"]
[WhiteElo "1536"]
[BlackElo "1744"]
[PlyCount "87"]
[EventDate "2010.01.14"]

1. e4 d6 2. Nf3 Nf6 3. d3 g6 4. Nbd2 c5 5. Be2 Bg7 6. c3 Nc6 7. O-O O-O 8. Re1
a6 9. Qc2 b5 10. b3 Bb7 11. Bb2 Rc8 12. Rad1 Qb6 13. h3 Rfe8 14. Nf1 b4 15. c4
Nd4 16. Nxd4 cxd4 17. Nh2 e5 18. Rf1 Rf8 19. Kh1 Qd8 20. Qd2 a5 21. f4 Bh6 22.
Ng4 Nxg4 23. Bxg4 f5 24. exf5 gxf5 25. Bf3 Bxf4 26. Qe2 Bxf3 27. Qxf3 Rc5 28.
Bxd4 exd4 29. Qxf4 Qf6 30. Rde1 Re5 31. Qf3 Rfe8 32. Rxe5 Rxe5 33. Qa8+ Kg7 34.
Qa7+ Kg6 35. Qxd4 Re2 36. Qf4 Rxa2 37. g4 Ra1 38. gxf5+ Kf7 39. Qf3 Rxf1+ 40.
Qxf1 Qb2 41. Qd1 Kf6 42. Kg1 Qd4+ 43. Kg2 Qb2+ 44. Kg1 1/2-1/2

[Event "V Torneo Inverno Vomero"]
[Site "Napoli ITA"]
[Date "2010.01.21"]
[Round "2"]
[White "Puglisi, Vincenzo"]
[Black "Basso, Lorenzo"]
[Result "0-1"]
[WhiteElo "2024"]
[BlackElo "1899"]
[PlyCount "82"]
[EventDate "2010.01.14"]

1. c4 e5 2. g3 f5 3. Bg2 Nf6 4. Nf3 Nc6 5. O-O g6 6. Nc3 Bg7 7. Nd5 Nxd5 8.
cxd5 Ne7 9. d3 O-O 10. Bg5 h6 11. Bxe7 Qxe7 12. Rc1 d6 13. Qb3 b6 14. Qc4 Rf7
15. Rc2 a5 16. Rfc1 Ra7 17. e4 f4 18. Rf1 g5 19. Nd2 Kh7 20. f3 a4 21. g4 Ra5
22. b3 axb3 23. Nxb3 Ra3 24. Qb4 Ra7 25. a4 Ba6 26. Rd1 Qe8 27. Ra2 h5 28. gxh5
Re7 29. Bh3 Qxh5 30. Bg4 Qe8 31. Qe1 Bc8 32. h3 Bxg4 33. hxg4 Rxa4 34. Rh2+ Kg6
35. Rh5 Qb5 36. Rb1 Qxd3 37. Nd2 Ra2 38. Rh2 Re8 39. Qf1 Rxd2 40. Rxd2 Qxd2 41.
Rc1 Rh8 0-1

[Event "V Torneo Inverno Vomero"]
[Site "Napoli ITA"]
[Date "2010.01.21"]
[Round "2"]
[White "Seletsky, Grigory"]
[Black "Borrelli, Salvatore"]
[Result "1-0"]
[WhiteElo "2345"]
[BlackElo "1967"]
[PlyCount "81"]
[EventDate "2010.01.14"]

1. e4 e5 2. Nf3 Nc6 3. Bb5 a6 4. Ba4 Nf6 5. O-O Be7 6. Re1 b5 7. Bb3 O-O 8. c3
d6 9. h3 Na5 10. Bc2 c5 11. d4 Qc7 12. Nbd2 Nc6 13. d5 Nd8 14. a4 Rb8 15. axb5
axb5 16. b4 Bd7 17. Nf1 Nb7 18. Bd3 Ra8 19. Bd2 Rfd8 20. Qe2 c4 21. Bc2 Be8 22.
g4 Nd7 23. Ng3 g6 24. Kg2 Nb6 25. h4 Rxa1 26. Rxa1 Ra8 27. Rh1 Bd7 28. Ne1 Qc8
29. g5 Qd8 30. Qe3 f6 31. gxf6 Bxf6 32. h5 Be8 33. Bd1 Na4 34. Bg4 Qb6 35. Qf3
Bg7 36. Be6+ Kh8 37. h6 Qc7 38. hxg7+ Qxg7 39. Bh6 Qe7 40. Bg5 Qxg5 41. Qf8#
1-0

[Event "V Torneo Inverno Vomero"]
[Site "Napoli ITA"]
[Date "2010.01.21"]
[Round "2"]
[White "Zinnai, Graziano Matteo"]
[Black "Rosato, Luciano"]
[Result "0-1"]
[WhiteElo "1620"]
[BlackElo "2264"]
[PlyCount "48"]
[EventDate "2010.01.14"]

1. e4 c5 2. Nf3 a6 3. d4 cxd4 4. Nxd4 Nf6 5. Nc3 e5 6. Nb3 Bb4 7. f3 d5 8. exd5
Nxd5 9. Bd2 Nxc3 10. Bxc3 Bxc3+ 11. bxc3 Qc7 12. Qd2 Be6 13. Bd3 Nd7 14. O-O
Rc8 15. Be4 O-O 16. Rac1 Rfd8 17. Qg5 h6 18. Qh5 Nf6 19. Qh4 b5 20. Rfd1 Nxe4
21. Qxe4 Qxc3 22. Rxd8+ Rxd8 23. Qb7 Bxb3 24. axb3 Qe3+ 0-1

[Event "V Torneo Inverno Vomero"]
[Site "Napoli ITA"]
[Date "2010.01.28"]
[Round "3"]
[White "Accardo, Francesco"]
[Black "Sabia, Corrado"]
[Result "0-1"]
[WhiteElo "1872"]
[BlackElo "2176"]
[PlyCount "38"]
[EventDate "2010.01.14"]

1. g4 d5 2. Bg2 c6 3. h3 e5 4. d4 Nd7 5. b3 Bb4+ 6. c3 Bd6 7. a4 Ne7 8. h4 Nf6
9. dxe5 Bxe5 10. Nf3 Bc7 11. g5 Ne4 12. Be3 Nf5 13. Qc1 Nxe3 14. Qxe3 O-O 15.
O-O Qd6 16. Rd1 Bg4 17. Kf1 Rae8 18. Qxa7 b6 19. Qa6 Nc5 0-1

[Event "V Torneo Inverno Vomero"]
[Site "Napoli ITA"]
[Date "2010.01.28"]
[Round "3"]
[White "Basso, Lorenzo"]
[Black "De Rosa, Francesco"]
[Result "0-1"]
[WhiteElo "1899"]
[BlackElo "1979"]
[PlyCount "70"]
[EventDate "2010.01.14"]

1. d4 Nf6 2. Bg5 g6 3. Bxf6 exf6 4. e3 Bg7 5. Ne2 O-O 6. Nf4 f5 7. Bc4 Nc6 8.
a3 b6 9. Nc3 Bb7 10. h4 Re8 11. h5 g5 12. h6 Bxd4 13. Nfd5 Bh8 14. Qh5 Ne5 15.
Bb3 c6 16. Nb4 d5 17. O-O-O Ng4 18. Ncxd5 cxd5 19. Nxd5 Bxd5 20. Rxd5 Qf6 21.
c3 Rac8 22. Bc2 Re5 23. Rd7 Rec5 24. Rhd1 R5c6 25. R1d5 Nxh6 26. g4 fxg4 27.
Rxa7 Rxc3 28. Qxg5+ Bg7 29. Qxf6 Rxc2+ 30. Kd1 Bxf6 31. Ra8 Rxa8 32. Kxc2 Ra5
33. Rd6 Rf5 34. Rxb6 Rxf2+ 35. Kd3 g3 0-1

[Event "V Torneo Inverno Vomero"]
[Site "Napoli ITA"]
[Date "2010.01.28"]
[Round "3"]
[White "Borrelli, Salvatore"]
[Black "Di Meo, Antonio"]
[Result "1-0"]
[WhiteElo "1967"]
[BlackElo "1784"]
[PlyCount "93"]
[EventDate "2010.01.14"]

1. e4 c6 2. Nc3 d6 3. d4 Nf6 4. f4 Qa5 5. Bd3 Nbd7 6. e5 Nd5 7. Bd2 Qb6 8. Nxd5
cxd5 9. Bc3 dxe5 10. fxe5 Nb8 11. Qf3 e6 12. Nh3 h6 13. O-O Qc7 14. Qh5 g6 15.
Bxg6 fxg6 16. Qxg6+ Kd7 17. Qf6 Rh7 18. Qxf8 Kc6 19. Qc5+ Kd7 20. Qxc7+ Kxc7
21. Rf8 Nc6 22. Raf1 Nd8 23. Bb4 b6 24. Bd6+ Kd7 25. Nf4 Ba6 26. Rf2 h5 27. Nh3
Rg7 28. Rh8 Bc4 29. a3 a5 30. Nf4 Rg4 31. h3 Rg3 32. Nxh5 Re3 33. Nf6+ Kc6 34.
Be7 Kc7 35. Rxd8 Rxd8 36. Bxd8+ Kxd8 37. Ng4 Re1+ 38. Kh2 Ke7 39. h4 Re4 40.
Kh3 Rxd4 41. h5 Bb5 42. h6 Rc4 43. Nf6 Rc8 44. h7 Rh8 45. Kh4 Be8 46. Kg5 Bf7
47. Kh6 1-0

[Event "V Torneo Inverno Vomero"]
[Site "Napoli ITA"]
[Date "2010.01.28"]
[Round "3"]
[White "Capaldo, Salvatore"]
[Black "Caiazzo, Diego"]
[Result "0-1"]
[WhiteElo "1719"]
[BlackElo "1862"]
[PlyCount "96"]
[EventDate "2010.01.14"]

1. e4 e6 2. d4 d5 3. exd5 exd5 4. Nf3 Bd6 5. Be3 Ne7 6. Be2 c6 7. b3 Bg4 8. h3
Bxf3 9. Bxf3 Nf5 10. Qd2 Nxe3 11. Qxe3+ Qe7 12. O-O O-O 13. Qxe7 Bxe7 14. Re1
Bf6 15. c3 Na6 16. Nd2 Rfe8 17. b4 Nc7 18. a4 Ne6 19. g3 Re7 20. Re2 Rae8 21.
Rae1 Kf8 22. Nb3 Nd8 23. Nc5 Bg5 24. Rxe7 Rxe7 25. Rxe7 Kxe7 26. a5 Bd2 27. Na4
Kd6 28. Kf1 Ne6 29. Ke2 Bg5 30. Bg4 Be7 31. Bxe6 Kxe6 32. g4 f5 33. f4 fxg4 34.
hxg4 h6 35. Kf3 g6 36. Kg3 Bd6 37. Kf3 Kf6 38. Nb2 h5 39. gxh5 gxh5 40. Nd3 Kf5
41. Kg3 h4+ 42. Kxh4 Bxf4 43. Nc5 b6 44. Na4 Bd2 45. axb6 axb6 46. b5 cxb5 47.
Nxb6 Ke4 48. Nd7 Bxc3 0-1

[Event "V Torneo Inverno Vomero"]
[Site "Napoli ITA"]
[Date "2010.01.28"]
[Round "3"]
[White "Capozzoli, Silvio"]
[Black "Zinnai, Graziano Matteo"]
[Result "1-0"]
[WhiteElo "1948"]
[BlackElo "1620"]
[PlyCount "69"]
[EventDate "2010.01.14"]

1. e4 c6 2. Ne2 d5 3. e5 Bf5 4. Ng3 Bg6 5. h4 h6 6. h5 Bh7 7. e6 Nf6 8. exf7+
Kxf7 9. d4 e6 10. Bd3 Bxd3 11. Qxd3 Bd6 12. Qg6+ Kf8 13. Ne2 Qe8 14. Bf4 Bxf4
15. Nxf4 Qf7 16. Qd3 Rg8 17. Nd2 Ke7 18. Qa3+ Kd7 19. Nf3 Kc7 20. Ne5 Qe8 21.
Qh3 Kd6 22. c4 b6 23. b4 Ne4 24. cxd5 Ng5 25. Nc4+ Ke7 26. Qe3 Kd7 27. Ne5+ Kc7
28. dxc6 Qe7 29. O-O Qxb4 30. Rac1 Rd8 31. Rfd1 Rd6 32. d5 Qa4 33. Nc4 Rd8 34.
Qe5+ Kc8 35. c7 1-0

[Event "V Torneo Inverno Vomero"]
[Site "Napoli ITA"]
[Date "2010.01.28"]
[Round "3"]
[White "De Meo, Guido"]
[Black "Gallo, Thomas Renato"]
[Result "1/2-1/2"]
[WhiteElo "1860"]
[BlackElo "1889"]
[PlyCount "93"]
[EventDate "2010.01.14"]

1. d4 d5 2. c4 c6 3. Nf3 Nf6 4. g3 e6 5. Bg2 Be7 6. Nc3 Nbd7 7. O-O O-O 8. b3
Qc7 9. Bd2 dxc4 10. bxc4 Nb6 11. Qb3 Bd7 12. e4 Rad8 13. Rfd1 Bc8 14. Rac1 Qb8
15. Rc2 Nh5 16. Bc1 Kh8 17. h3 Nf6 18. Bf4 Qa8 19. Bc7 Rd7 20. Bxb6 axb6 21.
Qxb6 Bd8 22. Qb3 Bc7 23. e5 Ng8 24. Ne4 Ne7 25. Rcd2 Rfd8 26. Nc5 Qa5 27. Qc2
Rxd4 28. Rxd4 Rxd4 29. Rxd4 Qxc5 30. g4 Ng6 31. Qe4 h6 32. Bf1 Bb6 33. Rd2 Qe7
34. Qb1 Bc5 35. a4 b6 36. Bd3 Nf4 37. Qf1 Bb7 38. Be4 Qc7 39. Kh2 Bb4 40. Rd1
c5 41. Bxb7 Qxb7 42. Kg3 Qe4 43. Rd8+ Kh7 44. Rd7 Ne2+ 45. Kg2 Nf4+ 46. Kg3
Ne2+ 47. Kg2 1/2-1/2

[Event "V Torneo Inverno Vomero"]
[Site "Napoli ITA"]
[Date "2010.01.28"]
[Round "3"]
[White "Della Corte, Alessandro"]
[Black "Pinto, Gaetano"]
[Result "1-0"]
[WhiteElo "2229"]
[BlackElo "2046"]
[PlyCount "71"]
[EventDate "2010.01.14"]

1. Nf3 d5 2. d4 Nf6 3. c4 c6 4. e3 e6 5. Nc3 Nbd7 6. Qc2 Bd6 7. Be2 O-O 8. O-O
Qe7 9. b3 b6 10. Bb2 Bb7 11. Rad1 Rad8 12. e4 Nxe4 13. Nxe4 dxe4 14. Qxe4 Nf6
15. Qh4 Rfe8 16. Bd3 Ba3 17. Bc3 Bb4 18. Bb2 Ba3 19. Ba1 Bb4 20. d5 cxd5 21.
cxd5 a5 22. Bxf6 Qxf6 23. Qxh7+ Kf8 24. Bb5 Bxd5 25. Bxe8 Kxe8 26. Qd3 Ke7 27.
Nd4 Rh8 28. Nf5+ Kf8 29. Qg3 Qxf5 30. Qb8+ Ke7 31. Qxh8 Qg5 32. Rxd5 exd5 33.
Qb8 Bc5 34. Re1+ Kf6 35. Qd8+ Kg6 36. Qxg5+ 1-0

[Event "V Torneo Inverno Vomero"]
[Site "Napoli ITA"]
[Date "2010.01.28"]
[Round "3"]
[White "Donzella, Emanuele"]
[Black "Puglisi, Vincenzo"]
[Result "1/2-1/2"]
[WhiteElo "1646"]
[BlackElo "2024"]
[PlyCount "152"]
[EventDate "2010.01.14"]

1. e4 c5 2. c3 Nf6 3. e5 Nd5 4. d4 Nc6 5. Nf3 cxd4 6. cxd4 d6 7. Be2 dxe5 8.
dxe5 Bf5 9. a3 e6 10. O-O Be7 11. b4 Bxb1 12. Rxb1 Nc3 13. Qxd8+ Rxd8 14. Rb2
b5 15. Re1 a5 16. bxa5 Bxa3 17. Bxb5 Nxb5 18. Rxb5 Bb4 19. Rf1 Bxa5 20. Rc5 Kd7
21. Bg5 Rc8 22. Rd1+ Kc7 23. Rd6 Kb7 24. Rd7+ Rc7 25. Rd1 Bb4 26. Rb1 Ra8 27.
g3 Kc8 28. Rxc6 Rxc6 29. Rxb4 Rc5 30. Be7 Rc1+ 31. Kg2 Ra2 32. Nd4 Rd1 33. Nb5
Rdd2 34. Bc5 Kd7 35. Be3 Re2 36. Kf3 Reb2 37. Rd4+ Kc6 38. Nd6 f6 39. Rc4+ Kd7
40. Ne4 fxe5 41. Rc5 Rc2 42. Rxe5 Rc6 43. Rb5 Rac2 44. Nc5+ Ke7 45. Rb7+ Kd6
46. Rd7+ Ke5 47. Rxg7 Kf6 48. Rxh7 R6xc5 49. Bxc5 Rxc5 50. Rh4 e5 51. Re4 Kf5
52. h3 Rc3+ 53. Re3 e4+ 54. Kg2 Rc2 55. Rb3 Kg6 56. g4 Rc1 57. Kg3 Rc4 58. Rb6+
Kg7 59. Kf4 Rc3 60. h4 Rf3+ 61. Kxe4 Rxf2 62. Rb7+ Kg6 63. Rb5 Re2+ 64. Kf3 Re1
65. Rf5 Rf1+ 66. Ke4 Re1+ 67. Kd3 Re8 68. Rd5 Re1 69. Kd4 Rg1 70. Rg5+ Kh6 71.
Ke5 Rh1 72. Kf6 Rxh4 73. Rg6+ Kh7 74. Rg7+ Kh8 75. g5 Rf4+ 76. Kg6 Rf6+ 1/2-1/2

[Event "V Torneo Inverno Vomero"]
[Site "Napoli ITA"]
[Date "2010.01.28"]
[Round "3"]
[White "Gallina, Giacomo"]
[Black "Esposito, Pino"]
[Result "1/2-1/2"]
[WhiteElo "1705"]
[BlackElo "1881"]
[PlyCount "65"]
[EventDate "2010.01.14"]

1. Nc3 d5 2. f4 Nf6 3. e3 c5 4. Nf3 Bg4 5. h3 Bxf3 6. Qxf3 e6 7. Bb5+ Nc6 8. a3
a6 9. Bxc6+ bxc6 10. Ne2 c4 11. Ng3 Rb8 12. Qe2 Be7 13. e4 Qc7 14. O-O dxe4 15.
Qxc4 Qb6+ 16. Kh1 Qb5 17. Qxb5 axb5 18. b4 Rd8 19. Re1 Rd4 20. f5 Bd6 21. Ne2
Rc4 22. fxe6 Be5 23. exf7+ Kxf7 24. c3 Rd8 25. a4 Rxb4 26. axb5 Rxb5 27. Rf1
Rd7 28. Ra4 Ke6 29. Nf4+ Bxf4 30. Rxf4 Rb1 31. Rf1 Rxd2 32. Bxd2 Rxf1+ 33. Kh2
1/2-1/2

[Event "V Torneo Inverno Vomero"]
[Site "Napoli ITA"]
[Date "2010.01.28"]
[Round "3"]
[White "Irtuso, Emanuele"]
[Black "Vannini, Aldo"]
[Result "0-1"]
[WhiteElo "1744"]
[BlackElo "1818"]
[PlyCount "78"]
[EventDate "2010.01.14"]

1. e4 e6 2. d4 d5 3. Nd2 Nf6 4. e5 Nfd7 5. Ngf3 c5 6. c3 a6 7. Be2 Nc6 8. O-O
Be7 9. Re1 b5 10. Nb3 Bb7 11. Be3 cxd4 12. cxd4 Rc8 13. a3 Na5 14. Nxa5 Qxa5
15. b4 Qd8 16. Qd2 Nb6 17. Rac1 Nc4 18. Bxc4 dxc4 19. Bg5 h6 20. Bxe7 Qxe7 21.
Re3 Rd8 22. Qc3 O-O 23. g3 Bxf3 24. Rxf3 Rd5 25. Re1 f5 26. exf6 Rxf6 27. Rxf6
gxf6 28. Qe3 Kg7 29. Qe4 Rd6 30. f4 Qd7 31. Rd1 Qc6 32. Qe3 Qd5 33. Kf2 Rc6 34.
Qf3 c3 35. Qxd5 exd5 36. Rc1 c2 37. Ke2 Kg6 38. Kd2 Kf5 39. Kd3 Kg4 0-1

[Event "V Torneo Inverno Vomero"]
[Site "Napoli ITA"]
[Date "2010.01.28"]
[Round "3"]
[White "Messina, Enrico"]
[Black "Seletsky, Grigory"]
[Result "0-1"]
[WhiteElo "2122"]
[BlackElo "2345"]
[PlyCount "116"]
[EventDate "2010.01.14"]

1. e4 c5 2. Nf3 Nc6 3. d4 cxd4 4. Nxd4 Nf6 5. Nc3 d6 6. h3 g6 7. g4 Bg7 8. Be3
O-O 9. Bg2 Bd7 10. Nde2 Rc8 11. O-O Qa5 12. Ng3 Ne8 13. Bd2 b5 14. Nd5 Qd8 15.
a4 b4 16. Ra2 a5 17. Be3 Rb8 18. b3 e6 19. Nf4 Qe7 20. Re1 Bc8 21. Bf1 Nc7 22.
Nd3 Rd8 23. Bg2 Bc3 24. Bd2 Bxd2 25. Qxd2 e5 26. Nb2 Ne6 27. Nc4 Nf4 28. Ne2
Nxe2+ 29. Qxe2 Ba6 30. Bf1 Qf6 31. Qd3 Nd4 32. Re3 Rbc8 33. Qd1 Bxc4 34. Bxc4
Kg7 35. Kg2 Rc7 36. c3 bxc3 37. Rxc3 Rb8 38. Rd3 Rb4 39. Rad2 Rcxc4 40. bxc4
Rxc4 41. Qa1 h5 42. f3 Rb4 43. Rd1 Kh7 44. R1d2 Kg7 45. Rd1 h4 46. R1d2 Kh6 47.
Rd1 Qf4 48. Qc1 Kg5 49. Qxf4+ Kxf4 50. R1d2 Rxa4 51. Rb2 f5 52. exf5 gxf5 53.
Rc3 e4 54. fxe4 fxe4 55. Rf2+ Ke5 56. g5 Rb4 57. g6 Rb8 58. g7 58... Nf5 $138
0-1

[Event "V Torneo Inverno Vomero"]
[Site "Napoli ITA"]
[Date "2010.01.28"]
[Round "3"]
[White "Rosato, Luciano"]
[Black "Schiappoli, Dario"]
[Result "1-0"]
[WhiteElo "2264"]
[BlackElo "1971"]
[PlyCount "67"]
[EventDate "2010.01.14"]

1. Nf3 c5 2. d3 d5 3. g3 Nc6 4. Bg2 e5 5. O-O Be7 6. e4 dxe4 7. dxe4 Qxd1 8.
Rxd1 Bg4 9. c3 Nf6 10. Re1 O-O 11. Na3 Rfe8 12. Nc4 Bf8 13. Bg5 Nd7 14. Rad1 f6
15. Bc1 Red8 16. Ne3 Be6 17. Nd5 Rac8 18. Nd2 b5 19. b3 c4 20. b4 Nb6 21. Nxb6
axb6 22. Nb1 Bxb4 23. cxb4 Nxb4 24. Nc3 Nd3 25. Re2 b4 26. Nd5 Rd7 27. Nxb6
Nxc1 28. Rxc1 Rdc7 29. Nxc8 Rxc8 30. Rb2 c3 31. Rxb4 Bxa2 32. Bh3 Rc7 33. Rb8+
Kf7 34. Rc8 1-0

[Event "V Torneo Inverno Vomero"]
[Site "Napoli ITA"]
[Date "2010.01.28"]
[Round "3"]
[White "Sciaudone, Francesco"]
[Black "Esposito, Rosario"]
[Result "0-1"]
[WhiteElo "1575"]
[BlackElo "1847"]
[PlyCount "74"]
[EventDate "2010.01.14"]

1. e4 c5 2. Nf3 e6 3. d4 cxd4 4. Nxd4 Nc6 5. Nxc6 bxc6 6. Nc3 d5 7. exd5 cxd5
8. Bb5+ Bd7 9. Bxd7+ Qxd7 10. O-O Nf6 11. Bg5 Be7 12. Re1 O-O 13. a3 Rfc8 14.
Qd2 Rab8 15. Rab1 Qc7 16. Bf4 Bd6 17. Bxd6 Qxd6 18. Ne4 Nxe4 19. Rxe4 Qc7 20.
Re2 Rb6 21. c3 Rb3 22. Rbe1 Qb7 23. h4 Rb8 24. Rb1 Rxa3 25. h5 h6 26. Re3 Rb3
27. Rg3 Kh8 28. Qd4 Rg8 29. Qf4 Qd7 30. Rf3 f6 31. Rg3 e5 32. Qd2 a5 33. Rg6
Qf5 34. Qxd5 Qxb1+ 35. Kh2 Rxb2 36. Qxa5 Qf5 37. Qa3 Qxh5+ 0-1